Les tableaux de... Léonard de Vinci - Statistiques

Statistiques générales
  • Ce quiz a été pris 74 fois
  • Le résultat moyen est 4 sur 20
Statistiques - réponses
Date de création Titre Lieu d'exposition % Correct
1503-1504 La Joconde Musée du Louvre, Paris
100%
1495-1498 La Cène Santa Maria delle Grazie, Milan
66%
1485 La Dame à l'hermine Musée Czartoryski, Cracovie
45%
1513-1516 Saint Jean Baptiste Musée du Louvre, Paris
33%
1483-1484 La Vierge aux rochers (première version) Musée du Louvre, Paris
28%
1505-1508 La Vierge aux rochers (seconde version) National Gallery, Londres
28%
1490-1496 La Belle Ferronnière Musée du Louvre, Paris
19%
1472-1475 L'Annonciation Galerie des Offices, Florence
17%
1502-1513 La Vierge, l'Enfant Jésus et sainte Anne Musée du Louvre, Paris
8%
1510-1515 Bacchus Musée du Louvre, Paris
5%
1480 Saint Jérôme Pinacothèque du Vatican, Rome
5%
1478-1480 La Madone à l'œillet Alte Pinakothek, Munich
3%
1476 Ginevra de' Benci National Gallery of Art, Washington DC
2%
1481 L'Adoration des mages Galerie des Offices, Florence
2%
1501 La Madone aux fuseaux Château de Drumlanrig (Écosse)
2%
1478-1482 Madonna Benois Musée de l'Ermitage, Saint-Pétersbourg
2%
1490 Portrait de musicien Pinacothèque Ambrosienne, Milan
2%
1495-1499 La Vierge, l'Enfant Jésus avec sainte Anne et saint Jean-Baptiste National Gallery, Londres
0%
1508 Léda et le Cygne Galerie des Offices, Florence
0%
1473 Paysage de la vallée de l'Arno Galerie des Offices, Florence
0%
Aucun quiz correspondant
Distribution des résultats
% des personnes avec chaque résultat
Percentile par nombre de réponses
Votre historique - résultats
Vous n’avez pas pris ce quiz